logo

Bir Sreshtho Munshi Abdur Rouf Library
Jhenaidah Cadet College

The Smugglers / (Record no. 7358)

MARC details
000 -LEADER
fixed length control field 00619nam a2200241 i 4500
001 - CONTROL NUMBER
JCCL Control Number 7358
003 - CONTROL NUMBER IDENTIFIER
JCCL marc code BD-JhCC
005 - DATE AND TIME OF LATEST TRANSACTION
control field 20180417183743.0
008 - FIXED-LENGTH DATA ELEMENTS--GENERAL INFORMATION
fixed length control field 801002s1978 ii a 000 0 eng
020 ## - INTERNATIONAL STANDARD BOOK NUMBER
Terms of availability Rs40.00
035 ## - SYSTEM CONTROL NUMBER
system control number (BD-JhCC)7358
040 ## - CATALOGING SOURCE
Original cataloging agency DLC
Transcribing agency DLC
Modifying agency DLC
-- BD-JhCC
041 ## - LANGUAGE CODE
Language code of Book eng
050 00 - LIBRARY OF CONGRESS CALL NUMBER
Classification number DS480.852
Item number .S68
082 00 - DEWEY DECIMAL CLASSIFICATION NUMBER
Classification number 813.52
DDC Edition number 19
Author mark and Year SMU 1962
245 04 - TITLE STATEMENT
Title The Smugglers /
Statement of responsibility, etc William Stobbs
260 ## - PUBLICATION, DISTRIBUTION, ETC. (IMPRINT)
Place of publication, distribution, etc Vadodara :
Name of publisher, distributor, etc Friends of India Society International,
Date of publication, distribution, etc 1978.
300 ## - PHYSICAL DESCRIPTION
Pagination 103 p. :
Other physical details ill. ;
Dimensions 28 cm.
650 ## - SUBJECT ADDED ENTRY--TOPICAL TERM
Topical term or geographic name as entry element Novel
700 1# - ADDED ENTRY--PERSONAL NAME
Personal name Stobbs, William
942 ## - ADDED ENTRY ELEMENTS (KOHA)
Source of classification or shelving scheme Dewey Decimal Classification
Koha item type Books
Holdings
Source of classification or shelving scheme Damaged status Not for loan Home library Current library Shelving location Total Checkouts Full call number Barcode Date last seen Copy number Koha item type
Dewey Decimal Classification     JCC Rouf Library JCC Rouf Library General Stacks   954.05/1 SMU 9986 02/08/2018 C-1 Books

JCC Library | Contacts | JCC Home

Last Update on 23 September 2017
Copyright @ 2017-2020 JCC Rouf Library
Rouf Library, Jhenidah Cadet College (JCC), Bangladesh